Repatriation and reintegration: an ardous process in Guatemala
Guardado en:
| Hovedforfatter: | |
|---|---|
| Format: | Texto |
| Udgivet: |
s.l.:
Wellesley College. Department of Antropology. Harvard University. Center For International Affairs
|
| Tags: |
Tilføj Tag
Ingen Tags, Vær først til at tagge denne postø!
|
MARC
| LEADER | 00000 a a2200000 04500 | ||
|---|---|---|---|
| 001 | 22368 | ||
| 003 | |||
| 040 | |||
| 090 | |a 152400 | ||
| 100 | |a Manz, Beatriz | ||
| 245 | |a Repatriation and reintegration: an ardous process in Guatemala | ||
| 260 | |a s.l.: |b Wellesley College. Department of Antropology. Harvard University. Center For International Affairs | ||
| 300 | |a 72 p | ||
| 999 | |c 11729 |d 11729 | ||
